More Work for Mother : The Ironies of Household Technology from the Open Hearth to the Microwave /

Αποθηκεύτηκε σε:
Λεπτομέρειες βιβλιογραφικής εγγραφής
Κύριος συγγραφέας: Cowan, Ruth Schwartz (autor)
Μορφή: Βιβλίο
Γλώσσα:Αγγλικά
Έκδοση: Nueva York, EUA : Basic Books, 1983, c1983
Θέματα:
Ετικέτες: Προσθήκη ετικέτας
Δεν υπάρχουν, Καταχωρήστε ετικέτα πρώτοι!

MARC

LEADER 00000nam^a2200000^a^4500
001 000190938
005 20250521000000.0
009 20260310102510.056
020 |a 0-465-04731-9 
037 |a Acervo ITESO - Biblioteca 
041 |a ING 
082 |a 305. 420973  |b COW 
100 |a Cowan, Ruth Schwartz  |e (autor) 
245 1 0 |a More Work for Mother :  |b The Ironies of Household Technology from the Open Hearth to the Microwave /  |c R.S. Cowan. 
264 4 |a Nueva York, EUA :  |b Basic Books,  |c 1983, c1983 
300 |a XIV, 257 p. 
336 |a texto  |b txt  |2 rdacontenido 
337 |a sin mediación  |b n  |2 rdamedio 
338 |a volumen  |b nc  |2 rdasoporte 
649 |a XX 
650 |a Amas de Casa -  |z EUA -  |x Condiciones Tecnológicas 
650 |a Amas de Casa -  |z EUA -  |x Condiciones Sociales y Culturales 
650 |a Amas de Casa -  |z EUA -  |x Historia -  |x Tema Principal 
650 |a Madres -  |z EUA -  |x Condiciones Tecnológicas 
650 |a Madres -  |z EUA -  |x Condiciones Sociales y Culturales 
650 |a Madres -  |z EUA -  |x Historia 
650 |a Mujeres -  |z EUA -  |x Condiciones Tecnológicas 
650 |a Mujeres -  |z EUA -  |x Condiciones Sociales y Culturales 
650 |a Mujeres -  |z EUA -  |x Historia -  |x Tema Principal 
650 |a Trabajo Doméstico -  |z EUA -  |x Historia -  |x Tema Principal 
650 |a Accesorios y Aparatos Domésticos Eléctricos -  |z EUA 
650 |a Desarrollo Tecnológico -  |z EUA 
650 |a Tecnología y Sociedad -  |z EUA 
650 |a Historia Social -  |z EUA 
650 |a Sociología 
910 |a Fondo General 
920 |a Impresos - Libros 
930 |a Colección General 
905 |a 101 
901 |a 0500133952  |b IT1  |c ACC  |u 20250521 
902 |a https://opac.biblio.iteso.mx/vufind/Record/000190938